Our World in Pictures Trees, Leaves, Flowers and Seeds (Record no. 4115)
[ view plain ]
| 000 -LEADER | |
|---|---|
| fixed length control field | 00401nam a22001457a 4500 |
| 008 - FIXED-LENGTH DATA ELEMENTS--GENERAL INFORMATION | |
| fixed length control field | 250703b |||||||| |||| 00| 0 eng d |
| 020 ## - INTERNATIONAL STANDARD BOOK NUMBER | |
| ISBN | 9780241339923 |
| 100 ## - MAIN ENTRY--AUTHOR | |
| Author | Jose Sarah |
| 245 ## - TITLE STATEMENT | |
| Title | Our World in Pictures Trees, Leaves, Flowers and Seeds |
| 260 ## - PUBLICATION, DISTRIBUTION, ETC. (IMPRINT) | |
| Place of publication | London |
| Name of publisher | Dorling Kindersley Limited |
| Date of publication | 2019 |
| 300 ## - COLLATION | |
| Pagination | 192p. |
| 650 ## - TRACINGS | |
| Main Subject | Plants- Encyclopaedia |
| 942 ## - ADDED ENTRY ELEMENTS (KOHA) | |
| Item type | Books |
| 050 ## - LIBRARY OF CONGRESS CALL NUMBER | |
| Classification number | QK 49 |
| Item number | .J67 |
| Source of classification or shelving scheme | Not for loan | Permanent location | Current location | Date acquired | Accession No. | Full call number | Barcode. | Koha item type |
|---|---|---|---|---|---|---|---|---|
| Library of Congress Classification | Samuel Ogbemudia Main Library, University of Abuja | Samuel Ogbemudia Main Library, University of Abuja | 07/03/2025 | 2024/62093 | QK 49 .J67 | 2025-2848 | Books |